• 首页
  • 本馆介绍
  • 公告通知
  • 最新文献
  • 馆藏检索
  • 电子资源
  • 读者导购
  • 参考咨询
  • 我的图书馆
  • 登录
  • 详细信息显示
  • 放入我的书架
  • 预约/预借图书
  • 作者相关作品
  • 分类相关作品
  • 丛书相关作品
  • 出版社相关作品

书目信息

  • 表格格式
  • 工作单格式
  • 卡片格式
题名:
考研常识必备
    
 
作者: 北京海天培训学校 主编
分册:  
出版信息:    
页数: 141页
开本: 20cm
丛书名:
单 册:
中图分类: G643.6
科图分类:
主题词: 教育--各级
电子资源:
ISBN:
000 00522nam0 2200169 450
001 0758159971
005 20070804174354.40
010    @d[不详]
100    @a20070804d km y0chiy0120 ea
101 0  @achi
200 1  @a考研常识必备@Akao yan chang shi bi bei@f北京海天培训学校主编@Fbei jing hai tian pei xun xue xiao zhu bian
215    @a141页@d20cm
606 0  @a教育@x各级
690    @aG643.6@v3
701  0 @a北京海天培训学校@Abei jing hai tian pei xun xue xiao@4主编
801  0 @aCN@bPFT@c20070804
905    @a10447@dG643.6@e446
    
    考研常识必备/北京海天培训学校主编
    141页;20cm
    
    
    ISBN :[不详]
    
●
相关链接 在E读中查询图书 在五车中查询图书 在当当中查询图书 在豆瓣中查询图书


正题名:考研常识必备     索取号:G643.6/446         预约/预借

序号 登录号 条形码 馆藏地/架位号 状态 备注
1 0791383   207913837   第一样本阅览室/ [索取号:G643.6/446] 在馆    
唐山师范学院图书馆 欢迎您!
大连网信软件有限公司© 版权所有